Missing Word: Top Grossing Movies (2003) Quiz Stats

Quiz Updated Jan 16, 2015

Challenge
Share
Tweet
Embed
Score 0/20 Timer 02:00
7 Plays Today
Movie Missing Word % Correct
The ____ of the Rings: The Return of the KingLord
99.6%
Finding ____Nemo
98%
________ Pie: The WeddingAmerican
93.8%
Scary _____ 3Movie
92.8%
2 ____ 2 FuriousFast
92.2%
Pirates of the _________: The Curse of the Black PearlCaribbean
91.9%
S.W.A._.T
91.7%
Charlie's Angels: ____ ThrottleFull
91.2%
Bruce ________Almighty
90.2%
____ ActuallyLove
89.5%
Movie Missing Word % Correct
The ____ SamuraiLast
88.8%
Something's Gotta ____Give
88%
The ______ ReloadedMatrix
85.4%
Bad ____ IIBoys
79.1%
Terminator 3: Rise of the ________Machines
63.2%
______ and Commander: The Far Side of the WorldMaster
58.6%
Spy Kids 3D: ____ OverGame
57%
_______ BearBrother
54.3%
The Matrix ___________Revolutions
35.6%
X2: X-Men ______United
28.8%

Today's Daily Dose

You're not logged in!

Compare scores with friends on all Sporcle quizzes.
Sign Up with Email
OR
Log In

You Might Also Like...

Show Comments

Extras

Top Quizzes Today


Score Distribution

Your Account Isn't Verified!

In order to create a playlist on Sporcle, you need to verify the email address you used during registration. Go to your Sporcle Settings to finish the process.